[Event "Glorney 2019"]
[Site "?"]
[Date "2019.07.23"]
[Round "4.4"]
[White "Gijsen, William"]
[Black "Dawson, Euan"]
[Result "1-0"]
[WhiteElo "2005"]
[BlackElo "1806"]
[PlyCount "175"]
[EventDate "2019.??.??"]

1. e4 c5 2. Nf3 g6 3. d4 cxd4 4. Nxd4 Nc6 5. Nc3 Bg7 6. Be3 Nf6 7. Bc4 Qa5 8.
Nxc6 bxc6 9. O-O d6 10. Bb3 O-O 11. f3 Ba6 12. Re1 Nd7 13. Qd2 Ne5 14. Bh6 Qc5+
15. Kh1 Nc4 16. Bxc4 Qxc4 17. Bxg7 Kxg7 18. b3 Qc5 19. Na4 Qb5 20. c4 Qb8 21.
f4 Qc7 22. Re3 Rad8 23. Rh3 Rh8 24. f5 h6 25. Qf4 g5 26. Rg3 f6 27. Rd1 c5 28.
Nc3 Bb7 29. Qe3 Bc6 30. Ne2 Be8 31. Nf4 Bf7 32. Re1 Kh7 33. Nd3 a5 34. h4 a4
35. hxg5 hxg5 36. Kg1 axb3 37. axb3 Kg7 38. Nf4 Kf8 39. Ne2 Rh7 40. Kf2 Kg7 41.
Qc3 Kf8 42. Rd3 Ra8 43. Ra1 Rxa1 44. Qxa1 Qb7 45. Ng3 Kg7 46. Qd1 Rh4 47. Rd2
Qa8 48. Qe2 Rf4+ 49. Ke3 Qa3 50. Qd1 Rh4 51. Kf2 Qb4 52. Qc2 Rf4+ 53. Kg1 Qa3
54. Qc3 Qa8 55. Rd1 Qh8 56. Rf1 Rxf1+ 57. Kxf1 Qb8 58. Kf2 Qa8 59. Kg1 Be8 60.
Kh2 Bf7 61. Qe3 Qh8+ 62. Kg1 Qa8 63. Nf1 Qa1 64. Kf2 Qa2+ 65. Nd2 Qa8 66. e5
Qh8 67. exf6+ exf6 68. Ne4 d5 69. cxd5 Bxd5 70. Nxc5 Qh4+ 71. Kg1 Qh5 72. Qe7+
Qf7 73. Ne6+ Bxe6 74. Qxe6 Qxe6 75. fxe6 Kf8 76. Kf2 f5 77. Ke3 Ke7 78. Kd4
Kxe6 79. b4 Kd6 80. b5 g4 81. Ke3 Ke5 82. g3 Kd5 83. Kf4 Kc5 84. Kxf5 Kxb5 85.
Kxg4 Kc6 86. Kf5 Kd7 87. Kf6 Ke8 88. Kg7 1-0

[Event "Glorney 2019"]
[Site "?"]
[Date "2019.07.23"]
[Round "4.5"]
[White "Mckay, Jonathan"]
[Black "Klein, Jorik"]
[Result "1-0"]
[WhiteElo "1550"]
[BlackElo "1801"]
[PlyCount "75"]
[EventDate "2019.??.??"]

1. d4 Nf6 2. c4 g6 3. Nc3 Bg7 4. e4 d6 5. Be2 O-O 6. Bg5 Nbd7 7. Qd2 c5 8. d5
a6 9. a4 Qa5 10. Nf3 Re8 11. O-O Qc7 12. Rfe1 b6 13. Rad1 Bb7 14. h3 Rad8 15.
Bf1 h5 16. b3 Nh7 17. Bf4 Kh8 18. Na2 Ne5 19. Nxe5 dxe5 20. Bh2 Qd6 21. Qc3 Qf6
22. Nc1 Nf8 23. Nd3 Nd7 24. f4 exf4 25. e5 Qf5 26. Bxf4 Nf8 27. Qd2 Qc8 28. Bh6
Kh7 29. Bxg7 Kxg7 30. Nf4 Nh7 31. e6 f5 32. Bd3 Rg8 33. Re3 Nf8 34. Rg3 Kh7 35.
Qe2 Kh8 36. Qe5+ Kh7 37. Nxh5 gxh5 38. Qxf5+ 1-0

[Event "Glorney 2019"]
[Site "?"]
[Date "2019.07.23"]
[Round "4.6"]
[White "Pham, Arthur"]
[Black "Brozel, Sacha"]
[Result "1-0"]
[WhiteElo "2109"]
[BlackElo "2199"]
[PlyCount "101"]
[EventDate "2019.??.??"]

1. e4 e6 2. d4 d5 3. e5 c5 4. c3 Nc6 5. Nf3 Bd7 6. Bd3 cxd4 7. cxd4 Qb6 8. O-O
Nxd4 9. Nbd2 Nc6 10. Nb3 Nge7 11. Be3 Qd8 12. Nc5 Ng6 13. Nxb7 Qc7 14. Nc5 Bxc5
15. Bxc5 Ncxe5 16. Rc1 Nxd3 17. Qxd3 Qb7 18. Rfe1 f6 19. Bd6 Rc8 20. Rxc8+ Qxc8
21. Qxd5 Kf7 22. Qd4 Qb7 23. Bc5 e5 24. Qd6 Be6 25. h4 Re8 26. b4 Nf4 27. Re3
Qd5 28. Ra3 Qxd6 29. Bxd6 Rd8 30. Rxa7+ Kg6 31. Bc5 e4 32. Nd4 Rxd4 33. Bxd4
Ne2+ 34. Kh2 Nxd4 35. a4 f5 36. b5 f4 37. b6 e3 38. fxe3 fxe3 39. Ra5 Nc6 40.
Rc5 e2 41. Rc1 Kf5 42. Kg3 Bd5 43. Kf2 Nb4 44. Kxe2 Bxg2 45. Rc7 Kf6 46. Ra7
Bd5 47. Kd2 Ke5 48. Rxg7 Be4 49. a5 Kd5 50. Kc3 Na6 51. Ra7 1-0

[Event "Glorney 2019"]
[Site "?"]
[Date "2019.07.23"]
[Round "4.7"]
[White "Verma, Aditya"]
[Black "Lary, Damien"]
[Result "0-1"]
[WhiteElo "2119"]
[BlackElo "2071"]
[PlyCount "76"]
[EventDate "2019.??.??"]

1. e4 e6 2. d4 d5 3. Nd2 Nc6 4. Ngf3 Nf6 5. e5 Nd7 6. Be2 Be7 7. Nf1 f6 8. exf6
Nxf6 9. Ng3 O-O 10. O-O Bd6 11. c4 b6 12. b3 Bb7 13. Bb2 Bf4 14. a3 a5 15. Qc2
Rc8 16. Rad1 Ne7 17. Rfe1 c5 18. dxc5 bxc5 19. Bd3 d4 20. Rxe6 Bxf3 21. gxf3
Nc6 22. Rde1 Nd7 23. Bxh7+ Kh8 24. Qg6 Nde5 25. Qh5 Qg5 26. Be4+ Qxh5 27. Nxh5
a4 28. bxa4 Nxc4 29. Nxf4 Rxf4 30. Bxc6 Nxb2 31. R1e5 Rf6 32. Rh5+ Rh6 33.
Rexh6+ gxh6 34. Rxc5 d3 35. a5 d2 36. Rd5 d1=Q+ 37. Rxd1 Nxd1 38. Bb7 Rc5 0-1

[Event "Glorney 2019"]
[Site "?"]
[Date "2019.07.23"]
[Round "4.8"]
[White "Weisman, Nathan"]
[Black "Pollack, Oscar"]
[Result "1-0"]
[WhiteElo "2071"]
[BlackElo "2088"]
[PlyCount "79"]
[EventDate "2019.??.??"]

1. e4 e6 2. d4 d5 3. Nc3 Bb4 4. exd5 exd5 5. Bd3 Nc6 6. a3 Bxc3+ 7. bxc3 Nge7
8. Qf3 Be6 9. Rb1 b6 10. Ne2 Qd7 11. Ng3 O-O-O 12. h3 g6 13. O-O h5 14. Re1 h4
15. Ne2 g5 16. Bxg5 Rdg8 17. Qf6 Bxh3 18. gxh3 Qxh3 19. f4 Qe3+ 20. Kh1 Qf3+
21. Kh2 h3 22. Rg1 Qf2+ 23. Kh1 h2 24. Rgf1 Qe3 25. Rbe1 Kb7 26. Nc1 Qg3 27.
Qxf7 Rh4 28. Be2 Rhh8 29. Nd3 Rf8 30. Qe6 Nf5 31. Rf3 Qg4 32. Qxd5 Nh4 33. Bxh4
Qxh4 34. Rf2 Rfg8 35. Bf3 Rg6 36. Rg2 Rd6 37. Qe4 Rhh6 38. f5 Qf6 39. Ne5 Rh4
40. Rg4 1-0

[Event "Glorney 2019"]
[Site "?"]
[Date "2019.07.23"]
[Round "4.9"]
[White "Carroll, Thomas"]
[Black "Mahieu, Luc"]
[Result "1/2-1/2"]
[WhiteElo "2042"]
[BlackElo "2049"]
[PlyCount "65"]
[EventDate "2019.??.??"]

1. d4 Nf6 2. Bg5 d5 3. Nd2 c6 4. e3 Bf5 5. c4 e6 6. Ngf3 Nbd7 7. Be2 Bd6 8. O-O
O-O 9. Nh4 Bg6 10. Nxg6 hxg6 11. e4 dxe4 12. Nxe4 Be7 13. Nxf6+ Bxf6 14. Bxf6
Qxf6 15. Qb3 Rab8 16. Rfd1 Rfd8 17. Rd2 Qf4 18. Rad1 Nf6 19. Qe3 Qc7 20. Bf3
Rd7 21. g4 Rbd8 22. g5 Nh5 23. d5 exd5 24. cxd5 cxd5 25. Bxh5 gxh5 26. Rxd5
Rxd5 27. Rxd5 Rxd5 28. Qe8+ Kh7 29. Qe4+ Rf5 30. Qxf5+ g6 31. Qd5 Kg7 32. Qd4+
Kg8 33. h4 1/2-1/2

[Event "Glorney 2019"]
[Site "?"]
[Date "2019.07.23"]
[Round "4.10"]
[White "Rachid, Alexandre"]
[Black "Turner, Max N"]
[Result "1-0"]
[WhiteElo "2007"]
[BlackElo "2026"]
[PlyCount "73"]
[EventDate "2019.??.??"]

1. e4 c5 2. Nf3 e6 3. c3 Nf6 4. e5 Nd5 5. d4 cxd4 6. cxd4 d6 7. a3 Nc6 8. Bd3
g6 9. Bg5 Qc7 10. exd6 Bxd6 11. Nc3 Nxc3 12. bxc3 Be7 13. O-O O-O 14. Bxe7 Qxe7
15. Re1 Qf6 16. Be4 Bd7 17. Rb1 Rab8 18. Ne5 Qe7 19. Nxc6 Bxc6 20. d5 exd5 21.
Bxg6 Qxe1+ 22. Qxe1 hxg6 23. h3 Rbe8 24. Qd2 Re6 25. f3 a5 26. Kf2 Rfe8 27. h4
Re5 28. Rh1 R8e6 29. g4 d4 30. cxd4 Rb5 31. h5 gxh5 32. Rxh5 Rxh5 33. gxh5 Be8
34. Qg5+ Kh7 35. d5 Ra6 36. Qe7 Ra8 37. d6 1-0

[Event "Glorney 2019"]
[Site "?"]
[Date "2019.07.23"]
[Round "4.11"]
[White "Guha, Chirag"]
[Black "Melaugh, Shane"]
[Result "0-1"]
[WhiteElo "1885"]
[BlackElo "2126"]
[PlyCount "100"]
[EventDate "2019.??.??"]

1. d4 e6 2. c4 f5 3. g3 Nf6 4. Nf3 Be7 5. Bg2 O-O 6. O-O d6 7. Nc3 Ne4 8. Qc2
Nxc3 9. Qxc3 Bf6 10. b3 Nc6 11. Bb2 Qe8 12. Qc2 e5 13. d5 Ne7 14. e4 Qh5 15.
Nd2 f4 16. c5 Bh3 17. Ba3 Rad8 18. Qd3 g5 19. f3 fxg3 20. hxg3 Bg7 21. Kf2 Bc8
22. Rh1 Qg6 23. Rh2 Rf7 24. cxd6 cxd6 25. Rah1 h6 26. Bc1 Rdf8 27. Rf1 g4 28.
Qe3 h5 29. Ke2 Bh6 30. Qd3 Bd7 31. Ba3 a6 32. Nc4 Nc8 33. Bh1 b5 34. Nb2 Rf6
35. Rhf2 Qf7 36. Bg2 Ne7 37. Bb4 h4 38. f4 exf4 39. gxf4 g3 40. Rf3 Bg4 41. Bd2
Bxf4 42. Bxf4 Rxf4 43. Qe3 Bxf3+ 44. Rxf3 Ng6 45. Nd3 Rxf3 46. Bxf3 Nf4+ 47.
Nxf4 Qxf4 48. Qc3 h3 49. Qe3 Qxe3+ 50. Kxe3 g2 0-1

[Event "Glorney 2019"]
[Site "?"]
[Date "2019.07.23"]
[Round "4.12"]
[White "Carroll, Peter"]
[Black "Camp, Imogen A L"]
[Result "1-0"]
[WhiteElo "2032"]
[BlackElo "1850"]
[PlyCount "71"]
[EventDate "2019.??.??"]

1. e4 e5 2. Nf3 Nc6 3. d4 exd4 4. Nxd4 Bc5 5. Nb3 Bb6 6. Nc3 Nf6 7. Qe2 d6 8.
Be3 Qe7 9. f3 Be6 10. O-O-O O-O-O 11. Bxb6 axb6 12. Nd4 Nxd4 13. Rxd4 Rhe8 14.
Qf2 Nd7 15. Bb5 f5 16. exf5 Bxf5 17. Nd5 Qe5 18. g4 c6 19. f4 Qe6 20. gxf5 Qf7
21. Nc3 cxb5 22. Nxb5 Qxa2 23. Nxd6+ Kb8 24. Nxe8 Qa1+ 25. Kd2 Qxh1 26. Nxg7
Qc6 27. Ne6 Rg8 28. Ng5 h6 29. Nf3 Rc8 30. c3 Nc5 31. Kc2 Ne4 32. Qe3 Nd6 33.
f6 Re8 34. Ne5 Qc7 35. Qh3 Rf8 36. Nd7+ 1-0

[Event "Glorney 2019"]
[Site "?"]
[Date "2019.07.23"]
[Round "4.13"]
[White "Fowler, Hugo"]
[Black "Melaugh, Gavin"]
[Result "1-0"]
[WhiteElo "1794"]
[BlackElo "2153"]
[PlyCount "49"]
[EventDate "2019.??.??"]

1. e4 d6 2. d4 Nf6 3. Nc3 Nbd7 4. Nf3 e5 5. Bc4 Be7 6. O-O c6 7. a4 Qc7 8. h3
h6 9. Bb3 Nf8 10. Be3 g5 11. Nh2 Ng6 12. Ng4 h5 13. Nxf6+ Bxf6 14. dxe5 dxe5
15. Qd2 g4 16. hxg4 hxg4 17. Rad1 Be6 18. Bxe6 fxe6 19. Qd6 Qf7 20. Rfe1 Rd8
21. Qb4 Nh4 22. Rxd8+ Bxd8 23. Rd1 Ng6 24. Nb5 Qf6 25. Nd6+ {... Here Black
castled illegally (!) and it was not noticed at the time, but White eventually
won the game so the result stood.} 1-0

[Event "Glorney 2019"]
[Site "?"]
[Date "2019.07.23"]
[Round "4.14"]
[White "Flynn, Jacob"]
[Black "Rathbone-Jones, Ifan"]
[Result "1-0"]
[WhiteElo "1994"]
[BlackElo "1855"]
[PlyCount "115"]
[EventDate "2019.??.??"]

1. c4 e6 2. Nf3 d5 3. d4 Nf6 4. g3 g6 5. Bg2 Bg7 6. O-O O-O 7. Nbd2 b6 8. Ne5
Bb7 9. Qa4 Nfd7 10. Ndf3 f6 11. Nxd7 Nxd7 12. Rd1 c6 13. Qc2 f5 14. Bf4 Qe7 15.
Rac1 h6 16. h4 Rac8 17. Qd2 Kh7 18. Qe3 Rfe8 19. Ne5 Nxe5 20. dxe5 Qd7 21. Qd2
Red8 22. g4 fxg4 23. Be4 Qe7 24. cxd5 exd5 25. Bb1 Qxh4 26. Rc3 Qe7 27. Qc2 Qe6
28. Rg3 Rf8 29. e3 h5 30. f3 Rg8 31. fxg4 h4 32. Qh2 Rh8 33. Qxh4+ Kg8 34. Qg5
Rh6 35. Bf5 Qe8 36. Bxc8 Bxc8 37. Rd2 Be6 38. Rh2 Rxh2 39. Kxh2 Qd7 40. Qxg6 d4
41. exd4 Kf8 42. Bh6 Bxh6 43. Rf3+ Ke7 44. Qf6+ Ke8 45. Qxh6 Kd8 46. Qf8+ Kc7
47. Qa8 Qh7+ 48. Kg3 Bc8 49. Qxa7+ Bb7 50. Qa3 c5 51. dxc5 Bxf3 52. cxb6+ Kxb6
53. Qxf3 Qb1 54. Qe3+ Kc7 55. e6 Kd8 56. Qg5+ Ke8 57. Qb5+ Kf8 58. Qf5+ 1-0

[Event "Glorney 2019"]
[Site "?"]
[Date "2019.07.23"]
[Round "4.15"]
[White "Mcintosh, David"]
[Black "Scallan, Fiachra"]
[Result "0-1"]
[WhiteElo "1601"]
[BlackElo "1873"]
[PlyCount "130"]
[EventDate "2019.??.??"]

1. d4 d5 2. c4 e6 3. Nc3 Nf6 4. cxd5 exd5 5. Bg5 Be7 6. e3 c6 7. Bd3 Nbd7 8.
Nge2 O-O 9. Qc2 Re8 10. O-O h6 11. Bh4 Nf8 12. f3 Ne6 13. Bf2 c5 14. dxc5 Bxc5
15. Bb5 Bd7 16. Bxd7 Qxd7 17. Qa4 Rad8 18. Qxd7 Rxd7 19. Nd4 Nxd4 20. exd4 Bb4
21. Rac1 Rc7 22. Ne4 Rxc1 23. Nxf6+ gxf6 24. Rxc1 Re2 25. Rb1 Ba5 26. Kf1 Rc2
27. a4 Bb6 28. b3 Kf8 29. Be3 Kg7 30. h4 h5 31. g4 hxg4 32. fxg4 Rh2 33. Rd1
Rxh4 34. Kg2 Rxg4+ 35. Kf3 Re4 36. b4 f5 37. a5 Bc7 38. Rc1 Bd6 39. b5 Bb4 40.
a6 bxa6 41. bxa6 Re6 42. Rb1 Rb6 43. Bd2 Ba5 44. Rg1+ Kf6 45. Bxa5 Rxa6 46. Bb4
Ra4 47. Bc5 a5 48. Kf4 Ra2 49. Kf3 a4 50. Re1 Kg5 51. Re3 Rh2 52. Ra3 Rh3+ 53.
Kf2 Rxa3 54. Bxa3 Kf4 55. Bc5 Ke4 56. Ke2 f4 57. Kf2 f3 58. Ke1 Ke3 59. Kf1 f2
60. Be7 Kxd4 61. Kxf2 Kc3 62. Ke3 d4+ 63. Ke2 Kc2 64. Ke1 d3 65. Bg5 a3 0-1

[Event "Glorney 2019"]
[Site "?"]
[Date "2019.07.23"]
[Round "5.1"]
[White "Melaugh, Shane"]
[Black "Sanger, Jake M"]
[Result "1-0"]
[WhiteElo "2126"]
[BlackElo "1867"]
[PlyCount "123"]
[EventDate "2019.??.??"]

1. c4 e6 2. Nc3 d5 3. d4 Nf6 4. Bf4 c6 5. e3 Be7 6. Nf3 O-O 7. cxd5 exd5 8. h3
Bf5 9. Bd3 Bxd3 10. Qxd3 Na6 11. O-O Nc7 12. Rab1 Ne6 13. Bh2 Bd6 14. Bxd6 Qxd6
15. b4 a6 16. a4 Nd7 17. Rfc1 Rac8 18. b5 cxb5 19. axb5 a5 20. Qf5 Nf6 21. g4
Qa3 22. Ra1 Qb2 23. Qb1 Qxb1 24. Raxb1 Rfd8 25. Ne5 Nd7 26. Nd3 Nb6 27. Ra1 Nc4
28. Ra4 Nd2 29. Rc2 Ne4 30. Ra3 b6 31. f3 Nd6 32. Raa2 Nc4 33. Kf2 Nc7 34. Nf4
g5 35. Nh5 Rd6 36. Ng3 Rdd8 37. Nf5 Kf8 38. Ra4 Nd6 39. Nxd6 Rxd6 40. Raa2 Ke7
41. Na4 Kd7 42. Rab2 Na8 43. Rxc8 Kxc8 44. f4 h6 45. Kf3 Re6 46. f5 Rd6 47. e4
dxe4+ 48. Kxe4 Kd7 49. Nc3 Nc7 50. d5 Ke7 51. Kd4 Kd7 52. Kc4 Kd8 53. Rd2 Ne8
54. Ne4 Rd7 55. d6 Kc8 56. Kd5 Kb7 57. Rc2 Rd8 58. Rc6 Rc8 59. Rxc8 Kxc8 60.
Kc6 Kd8 61. d7 Nc7 62. Nd6 1-0

[Event "Glorney 2019"]
[Site "?"]
[Date "2019.07.23"]
[Round "5.2"]
[White "D'Alessio, Marco"]
[Black "Carroll, Peter"]
[Result "1-0"]
[WhiteElo "1717"]
[BlackElo "2032"]
[PlyCount "27"]
[EventDate "2019.??.??"]

1. d4 Nf6 2. c4 e6 3. Nc3 Bb4 4. e3 O-O 5. Bd3 b6 6. Nf3 Bb7 7. O-O Bxc3 8.
bxc3 Ne4 9. Nd2 f5 10. Bxe4 fxe4 11. Qg4 c5 12. Nxe4 h5 13. Qg6 Qe7 14. Ng5 1-0

[Event "Glorney 2019"]
[Site "?"]
[Date "2019.07.23"]
[Round "5.3"]
[White "Melaugh, Gavin"]
[Black "Volland, Ben"]
[Result "1-0"]
[WhiteElo "2153"]
[BlackElo "1846"]
[PlyCount "109"]
[EventDate "2019.??.??"]

1. d4 d5 2. Bf4 Nf6 3. e3 e6 4. Bd3 c5 5. Nc3 Nc6 6. Nb5 Qa5+ 7. c3 c4 8. Nc7+
Kd7 9. Nxa8 cxd3 10. Qxd3 Bd6 11. Nf3 b6 12. Bxd6 Kxd6 13. b4 Ba6 14. Qc2 Nxb4
15. cxb4 Qxb4+ 16. Qd2 Qxd2+ 17. Nxd2 Rxa8 18. Rc1 Rc8 19. Rxc8 Bxc8 20. O-O
Ba6 21. Rc1 Ne8 22. f3 Kd7 23. Kf2 Nd6 24. e4 Nc4 25. Nxc4 Bxc4 26. Ke3 b5 27.
e5 a5 28. a3 Kc6 29. Kd2 Kd7 30. f4 Ke7 31. g4 g6 32. Rc3 Kf8 33. f5 exf5 34.
gxf5 gxf5 35. Rf3 Kg7 36. Rxf5 b4 37. axb4 axb4 38. Rf6 Kg8 39. h4 b3 40. h5
Kg7 41. h6+ Kg8 42. Rb6 Kf8 43. Kc3 Ke7 44. Rb8 Ke6 45. Rh8 b2 46. Rb8 Be2 47.
Rxb2 Bh5 48. Rf2 Bg6 49. Rf6+ Ke7 50. Kb4 Be4 51. Kc5 Ke8 52. Rd6 Ke7 53. Rxd5
Bxd5 54. Kxd5 Kd7 55. Ke4 1-0

[Event "Glorney 2019"]
[Site "?"]
[Date "2019.07.23"]
[Round "5.4"]
[White "Dawson, Euan"]
[Black "Flynn, Jacob"]
[Result "0-1"]
[WhiteElo "1806"]
[BlackElo "1994"]
[PlyCount "86"]
[EventDate "2019.??.??"]

1. e4 d6 2. Nc3 Nf6 3. g3 g6 4. Bg2 Bg7 5. Nge2 O-O 6. O-O c5 7. d3 Nc6 8. h3
Nd4 9. Be3 Nxe2+ 10. Nxe2 Rb8 11. Qd2 Re8 12. f4 e6 13. d4 cxd4 14. Nxd4 a6 15.
Rfd1 Qc7 16. Nb3 Rd8 17. a4 b6 18. e5 Ne8 19. a5 bxa5 20. Nxa5 Rxb2 21. Nc6 Rd7
22. Qc1 Rb5 23. c4 Rb3 24. Na5 Rxe3 25. Qxe3 dxe5 26. Rxd7 Bxd7 27. fxe5 Bxe5
28. Ra2 Bxg3 29. c5 Bb5 30. Nb3 Bf4 31. Qc3 e5 32. c6 Qd6 33. Ra1 Nc7 34. Nc5
Bxc6 35. Nxa6 Bxg2 36. Kxg2 Nd5 37. Qb2 Ne3+ 38. Kg1 Qe6 39. Nc5 Qxh3 40. Nd3
Qg3+ 41. Kh1 Ng4 42. Qg2 Qh4+ 43. Kg1 Bh2+ 0-1

[Event "Glorney 2019"]
[Site "?"]
[Date "2019.07.23"]
[Round "5.5"]
[White "Scallan, Fiachra"]
[Black "Mckay, Jonathan"]
[Result "1/2-1/2"]
[WhiteElo "1873"]
[BlackElo "1550"]
[PlyCount "72"]
[EventDate "2019.??.??"]

1. b3 e5 2. Bb2 Nc6 3. e3 d5 4. Bb5 Bd6 5. f4 Qe7 6. fxe5 Bxe5 7. Bxe5 Qxe5 8.
Nc3 Nf6 9. Nf3 Qh5 10. O-O Bd7 11. Qe1 O-O-O 12. Qg3 Kb8 13. Bxc6 Bxc6 14. Ne5
Rd6 15. d4 Re8 16. Qxg7 Rg8 17. Qxf7 Qg5 18. Nxc6+ Rxc6 19. Rf2 Qxe3 20. Nxd5
Qxd4 21. Nxf6 Qxa1+ 22. Rf1 Qd4+ 23. Kh1 Rd8 24. Nxh7 Rxc2 25. h3 Rxa2 26. Qe7
b6 27. Rc1 Rd7 28. Qe8+ Kb7 29. Nf6 Rg7 30. Qc6+ Ka6 31. Nd5 Qd2 32. Qc4+ Kb7
33. Qc6+ Ka6 34. Qc4+ Kb7 35. Qc6+ Ka6 36. Qc4+ b5 1/2-1/2

[Event "Glorney 2019"]
[Site "?"]
[Date "2019.07.23"]
[Round "5.6"]
[White "Brozel, Sacha"]
[Black "Guha, Chirag"]
[Result "1/2-1/2"]
[WhiteElo "2199"]
[BlackElo "1885"]
[PlyCount "131"]
[EventDate "2019.??.??"]

1. c4 e6 2. g3 d5 3. Bg2 Nf6 4. Nf3 d4 5. e3 c5 6. exd4 cxd4 7. d3 Nc6 8. O-O
Bd6 9. Bg5 h6 10. Bxf6 Qxf6 11. Nbd2 Qe7 12. Re1 O-O 13. Nb3 Qf6 14. Nbd2 Qe7
15. Ne4 Bc7 16. Qe2 e5 17. c5 Re8 18. Rac1 Bg4 19. h3 Bf5 20. Kh2 Rad8 21. a3
a5 22. Nfd2 a4 23. Qf3 Bxe4 24. Rxe4 Na5 25. Re2 Rc8 26. Rc2 Bb8 27. Nc4 Nb3
28. Qxb7 Qxb7 29. Bxb7 Rxc5 30. Kg2 Re7 31. Be4 g6 32. Na5 Rxa5 33. Rc8+ Kg7
34. Rxb8 f5 35. Rb7 Rxb7 36. Bxb7 Rc5 37. Ba6 Kf6 38. f4 exf4 39. gxf4 Rc1 40.
Bb5 Nc5 41. Kf2 g5 42. fxg5+ hxg5 43. Bc4 Rh1 44. Re8 Rxh3 45. Rf8+ Ke5 46.
Re8+ Kf4 47. Rd8 Rh2+ 48. Kg1 Rxb2 49. Rxd4+ Kg3 50. Kf1 Nb3 51. Rd5 Nd2+ 52.
Ke1 Nxc4 53. dxc4 Kg4 54. c5 Rc2 55. Kd1 Rc4 56. Kd2 f4 57. Kd3 Rc1 58. Kd2 Rb1
59. c6 Rb8 60. c7 Rc8 61. Rc5 Kf3 62. Ke1 g4 63. Kf1 g3 64. Rc3+ Kg4 65. Kg2
f3+ 66. Rxf3 1/2-1/2

[Event "Glorney 2019"]
[Site "?"]
[Date "2019.07.23"]
[Round "5.7"]
[White "Camp, Imogen A L"]
[Black "Verma, Aditya"]
[Result "0-1"]
[WhiteElo "1850"]
[BlackElo "2119"]
[PlyCount "76"]
[EventDate "2019.??.??"]

1. d4 d5 2. c4 c6 3. Nf3 Nf6 4. e3 e6 5. Bd3 a6 6. b3 Nbd7 7. O-O c5 8. Nbd2
cxd4 9. exd4 b6 10. Ne5 Bb7 11. Ndf3 Be7 12. Qe2 O-O 13. Re1 Nxe5 14. dxe5 Ne4
15. cxd5 exd5 16. Bb2 Bb4 17. Rec1 Qe7 18. a3 Bc5 19. Bxe4 dxe4 20. Nd2 Rad8
21. b4 Bd4 22. Bxd4 Rxd4 23. Nb3 Rd3 24. Nd2 Rd4 25. Nc4 Qe6 26. Nd6 Bd5 27. f4
exf3 28. gxf3 f6 29. Re1 fxe5 30. Qxe5 Qg6+ 31. Qg3 Qxg3+ 32. hxg3 Bxf3 33. Re6
Rd2 34. Rae1 Rg2+ 35. Kh1 Rxg3+ 36. Kh2 Rg2+ 37. Kh1 h5 38. R6e3 Rd2+ 0-1

[Event "Glorney 2019"]
[Site "?"]
[Date "2019.07.23"]
[Round "5.8"]
[White "Pollack, Oscar"]
[Black "Fowler, Hugo"]
[Result "1-0"]
[WhiteElo "2088"]
[BlackElo "1794"]
[PlyCount "113"]
[EventDate "2019.??.??"]

1. e4 e5 2. Nf3 Nc6 3. Bb5 a6 4. Ba4 Nf6 5. O-O Be7 6. Re1 b5 7. Bb3 d6 8. c3
O-O 9. h3 Nb8 10. d4 Nbd7 11. Nbd2 Bb7 12. Bc2 Re8 13. Nf1 Bf8 14. Ng3 g6 15.
a4 c5 16. Nh2 d5 17. dxe5 Nxe4 18. Nxe4 dxe4 19. Ng4 Bg7 20. axb5 axb5 21. Rxa8
Bxa8 22. Bxe4 Bxe4 23. Rxe4 Nxe5 24. Qe2 h5 25. Nh6+ Kf8 26. Be3 Nd7 27. Rxe8+
Qxe8 28. Qxb5 Qe7 29. Qc6 Bf6 30. Qc8+ Qd8 31. Qxd8+ Bxd8 32. g4 hxg4 33. Nxg4
f5 34. Bh6+ Kf7 35. Ne3 g5 36. f4 Kg6 37. Bxg5 Bxg5 38. fxg5 Kxg5 39. Kg2 Kf4
40. Nc4 Ke4 41. h4 Kd3 42. Na3 Ke2 43. Kg3 Ke3 44. Nc4+ Kd3 45. Nd6 Kc2 46. b4
Kxc3 47. bxc5 Nxc5 48. Kf4 Kd4 49. Kxf5 Kd5 50. Nf7 Ne6 51. Ng5 Ng7+ 52. Kg6
Ne8 53. h5 Ke5 54. h6 Nf6 55. Ne4 Nd7 56. Kg7 Kf5 57. h7 1-0

[Event "Glorney 2019"]
[Site "?"]
[Date "2019.07.23"]
[Round "5.9"]
[White "Rathbone-Jones, Ifan"]
[Black "Carroll, Thomas"]
[Result "1-0"]
[WhiteElo "1855"]
[BlackElo "2042"]
[PlyCount "61"]
[EventDate "2019.??.??"]

1. d4 Nf6 2. c4 c5 3. d5 e6 4. Nc3 exd5 5. cxd5 d6 6. e4 g6 7. Bd3 Bg7 8. Nge2
O-O 9. O-O a6 10. a4 Nbd7 11. f4 Qc7 12. Ng3 Rb8 13. Qe2 Re8 14. Be3 Nf8 15. h3
Qe7 16. Rfe1 h5 17. Qf2 h4 18. Nf1 b5 19. axb5 axb5 20. e5 N6d7 21. exd6 Qf6
22. Bxb5 Qf5 23. Bc6 Qd3 24. Qe2 c4 25. Rad1 Rxb2 26. Qxb2 Bxc3 27. Qc1 Bxe1
28. Rxd3 cxd3 29. Qxe1 Ba6 30. Qxh4 Rb8 31. Nd2 1-0

[Event "Glorney 2019"]
[Site "?"]
[Date "2019.07.23"]
[Round "5.10"]
[White "Turner, Max N"]
[Black "Mcintosh, David"]
[Result "1-0"]
[WhiteElo "2026"]
[BlackElo "1601"]
[PlyCount "69"]
[EventDate "2019.??.??"]

1. d4 d5 2. c4 dxc4 3. e3 e6 4. Bxc4 c5 5. Nf3 Nf6 6. O-O a6 7. a4 Nc6 8. Nc3
Be7 9. dxc5 Qxd1 10. Rxd1 Bxc5 11. h3 O-O 12. e4 e5 13. Bg5 Nd7 14. Rac1 Nd4
15. Be3 Nxf3+ 16. gxf3 Bxe3 17. fxe3 Nb6 18. Bf1 Be6 19. a5 Nc4 20. Bxc4 Bxc4
21. Rd7 Be6 22. Rxb7 Rfb8 23. Rb6 Rxb6 24. axb6 Rb8 25. Nd5 Bxh3 26. Rc7 Kf8
27. b7 Ke8 28. Nb4 Bd7 29. Nxa6 Kd8 30. Nxb8 Kxc7 31. Nxd7 Kxb7 32. Nxe5 f6 33.
Nd3 Kc6 34. Kf2 Kb5 35. Nf4 1-0

[Event "Glorney 2019"]
[Site "?"]
[Date "2019.07.23"]
[Round "5.11"]
[White "Baselmans, Luuk"]
[Black "Pham, Arthur"]
[Result "1-0"]
[WhiteElo "2212"]
[BlackElo "2109"]
[PlyCount "135"]
[EventDate "2019.??.??"]

1. e4 c5 2. Nf3 g6 3. c3 Bg7 4. d4 cxd4 5. cxd4 d5 6. e5 a6 7. Bd3 Nc6 8. O-O
Bg4 9. Nbd2 f6 10. exf6 Bxf6 11. h3 Bxf3 12. Nxf3 Qb6 13. Be3 e6 14. Re1 Nge7
15. Ng5 Nd8 16. Qg4 O-O 17. h4 Nf5 18. h5 Nxe3 19. fxe3 Bxg5 20. Qxg5 Nf7 21.
Qf6 Nh8 22. Qg5 Nf7 23. Qg3 g5 24. b3 Qd6 25. Qg4 Qe7 26. e4 Nh6 27. Qh3 Qf6
28. Kh1 g4 29. Qg3 Qxd4 30. Rad1 Qf2 31. Qxf2 Rxf2 32. exd5 exd5 33. Re5 Rd8
34. Bc4 Nf5 35. Rexd5 Rxd5 36. Rxd5 Kg7 37. Kh2 Kf6 38. Rd7 Kg5 39. Rxb7 Rxa2
40. Rxh7 Ne3 41. Re7 Rxg2+ 42. Kh1 Rg3 43. Bxa6 Kxh5 44. b4 Rf3 45. Be2 Rh3+
46. Kg1 Kg5 47. b5 Kf4 48. b6 Nd5 49. Rf7+ Kg3 50. b7 Rh8 51. Rg7 Nf6 52. Rc7
Rb8 53. Bb5 Nd5 54. Rc5 Nf4 55. Ba6 Rd8 56. Rc3+ Kh4 57. Rc8 Rd1+ 58. Kf2 g3+
59. Kf3 g2 60. Rg8 Rf1+ 61. Ke4 g1=Q 62. Rxg1 Rxg1 63. b8=Q Nh3 64. Qh8+ Kg3
65. Qg7+ Kh2 66. Qe5+ Kg2 67. Bb7 Nf2+ 68. Ke3+ 1-0

[Event "Glorney 2019"]
[Site "?"]
[Date "2019.07.23"]
[Round "5.12"]
[White "Lary, Damien"]
[Black "Hilwerda, Jonas"]
[Result "1-0"]
[WhiteElo "2071"]
[BlackElo "2275"]
[PlyCount "85"]
[EventDate "2019.??.??"]

1. d4 Nf6 2. c4 e6 3. Nc3 d5 4. Nf3 dxc4 5. e3 a6 6. a4 Bb4 7. Bxc4 O-O 8. O-O
Nbd7 9. Qe2 c5 10. dxc5 Bxc3 11. bxc3 Nxc5 12. Bb2 Qc7 13. Qc2 Bd7 14. Be2 Bc6
15. c4 Be4 16. Qc3 Rfd8 17. Ne5 Ne8 18. f3 Bc6 19. Qb4 Nd7 20. Nxc6 bxc6 21.
Qc3 c5 22. f4 Ndf6 23. Qc2 Rd7 24. e4 Rad8 25. Bc3 h6 26. e5 Nh7 27. Bf3 f5 28.
Rab1 Nf8 29. Rb7 Qc8 30. Rb6 Rd3 31. Rfb1 Qd7 32. Rb7 Nc7 33. Ba5 Qd4+ 34. Qf2
Qxc4 35. Bxc7 Rd2 36. Qg3 R8d7 37. h3 Qd3 38. Bd6 Qd4+ 39. Kh2 Qxa4 40. Rb8 Rf7
41. Bxf8 Rxf8 42. Rxf8+ Kxf8 43. Rb8+ 1-0